Fighting drug menace : (Record no. 125572)

MARC details
000 -LEADER
fixed length control field 00757nam a22002417a 4500
005 - DATE AND TIME OF LATEST TRANSACTION
control field 20170124105957.0
010 ## - LIBRARY OF CONGRESS CONTROL NUMBER
LC control number A-936389
020 ## - INTERNATIONAL STANDARD BOOK NUMBER
Terms of availability 00.00
035 ## - SYSTEM CONTROL NUMBER
System control number A-936389
037 ## - SOURCE OF ACQUISITION
Source of stock number/acquisition Cen Lib/Ret
040 ## - CATALOGING SOURCE
Original cataloging agency DPL
Language of cataloging EN
082 ## - DEWEY DECIMAL CLASSIFICATION NUMBER
Classification number 362.29
Item number BED
100 ## - MAIN ENTRY--PERSONAL NAME
Personal name Bedi, M.S.
9 (RLIN) 14809
245 ## - TITLE STATEMENT
Title Fighting drug menace :
Statement of responsibility, etc by M.S. Bedi [and] P.K. Bajpai
Remainder of title achievements and bottlenecks /
260 ## - PUBLICATION, DISTRIBUTION, ETC. (IMPRINT)
Place of publication, distribution, etc New Delhi
Name of publisher, distributor, etc Regency publications
Date of publication, distribution, etc 1997
270 ## - ADDRESS
City New Delhi
Address 20/36-G, old market, west patel nagar
300 ## - PHYSICAL DESCRIPTION
Extent xv,195p.
Dimensions 21cm(Hb)
500 ## - GENERAL NOTE
General note Includes bibliographical references
650 ## - SUBJECT ADDED ENTRY--TOPICAL TERM
Topical term or geographic name as entry element Drug abuse
9 (RLIN) 14810
650 ## - SUBJECT ADDED ENTRY--TOPICAL TERM
Topical term or geographic name as entry element Drug abuse--Prevention
Geographic subdivision India
9 (RLIN) 14811
700 ## - ADDED ENTRY--PERSONAL NAME
Personal name Bajpai, P.K.
9 (RLIN) 14799
942 ## - ADDED ENTRY ELEMENTS (KOHA)
Source of classification or shelving scheme Dewey Decimal Classification
Koha item type English Books
Classification part A-936389
Call number suffix BED
Holdings
Withdrawn status Lost status Damaged status Not for loan Home library Current library Date acquired Source of acquisition Cost, normal purchase price Total Checkouts Full call number Barcode Date last seen Copy number Cost, replacement price Price effective from Koha item type
        Central Library Central Library 22/06/2015 Cen Lib/Ret 0.00   362.29 BED A-936389 22/06/2015 1 0.00 22/06/2015 English Books

© Delhi Public Library
Hit Counter
free hit counter